LEADER 01803nam a2200277 4500 001 000000340862 003 CaOOAMICUS 005 20240823101811.0 008 200702s1694 it 000 u ita r 026 $adisa tici o,us pial (3) 1694 (A) 040 $aSeMil$bita 110 21$aCongregazione del Transito della Beata Vergine .$0(OLS)http://semarc/name/111659 245 00$aInvito alla Congregazione eretta, e fondata per aiuto de' Moribondi, sotto il titolo Beatae Virginis Deiparae stantis iuxta Crucem, nella casa professa de' RR. Padri Chierici Regolari Ministri de gl'infermi della Croce Tanč di Milano, in fino all'anno 1634 ... con l'aggionta del svegliarino per l'ora degl'agonizanti, e con l'indulgenze ... 264 1$aIn Milano :$bPer Gio. Battista Beltramino,$c1694. 300 $a110, [2] p. ;$c8° 500 $aSegn.: A-G8 500 $aVignetta xilogr. (Cristo sulla croce) sul front. 650 4$aCongregazioni e confraternite religiose - Milano - Sec. 16.-18.$0(OLS)http://semarc/subject/49109 700 1 $aBeltramino, Giovanni Battista,$c.$0(OLS)http://semarc/name/92929 752 $aIT$dMilano 850 $aSeMil 852 $aSeMil$W1$xVenegono$y1$m3Z I 12/6 FA$j219643$B231883$CSeMilBibl$Z2$F231883 $8I 941 1 $a10 996 $6245$aInvito alla Congregazione eretta, e fondata per aiuto de' Moribondi, sotto il titolo Beatae Virginis Deiparae stantis iuxta Crucem, nella casa professa de' RR. Padri Chierici Regolari Ministri de gl'infermi della Croce Tanč di Milano, in fino all'anno 1634 ... con l'aggionta del svegliarino per l'ora degl'agonizanti, e con l'indulgenze ...$9(OLS)http://semarc/title/429944 996 $6264$aIn Milano :$bPer Gio. Battista Beltramino$9(OLS)http://semarc/publisher/58999 LEADER 01350nam a2200229 i 4500 001 000000246953 003 CaOOAMICUS 005 20230417080127.0 008 151201s1887 it u000 u ita u 040 $aSeMil$bita 100 1 $aAlimonda, Gaetano .$0(OLS)http://semarc/name/2717 245 10$aSanta Caterina Fieschi Adorno :$bper le feste del suo terzo cinquantesimo celebrato in Genova il maggio del 1887 : Omelia del cardinale Gaetano Alimonda arcivescovo di Torino. 260 $aTorino :$bTipografia salesiana,$c1887. 300 $a56 p. ;$c28 cm. 600 04$aCaterina : da Genova .$0(OLS)http://semarc/subject/52161 650 4$aAlimonda, Gaetano - Scritti, discorsi, omelie, lettere pastorali, etc.$0(OLS)http://semarc/subject/5251 773 0 $aAlimonda, Gaetano $t[Alimonda.$w()13028 850 $aSeMil 852 $aSeMil$W1$xVenegono$y1$m3J VII 7/4 FA$j197299$B197299$CSeMilBibl$Z2$F208347 $8I 996 $6245$aSanta Caterina Fieschi Adorno :$bper le feste del suo terzo cinquantesimo celebrato in Genova il maggio del 1887 : Omelia del cardinale Gaetano Alimonda arcivescovo di Torino$9(OLS)http://semarc/title/348856 996 $6260$aTorino :$bTipografia salesiana$9(OLS)http://semarc/publisher/37035